000 00423nam a2200181Ia 4500
005 20250425161413.0
008 250425s9999 xx 000 0 und d
041 _aspa
082 _a338.0098
100 _aASSADOURIAN, CARLOS SEMPAT
245 0 _aMODOS DE PRODUCCION EN AMERICA LATINA
250 _a1A ED.
260 _aColombia
_bS.E.
_c1976
260 _aS.L.
300 _a242
942 _c01
010 _a19510
999 _c208529
_d208529